Schnelle Mathematik - Multiplikation im Binärsystem Level 01 - Statistiken

Allgemein
  • Dieses Quiz wurde 177 mal gespielt
  • Das Durchschnittsergebnis liegt bei 18 aus 20
Antwortstatistiken
Frage Antwort % Korrekt
0⋅0 0
96%
0⋅1 0
96%
0⋅11 0
96%
1⋅0 0
96%
11⋅0 0
96%
0⋅0 0
96%
1⋅10 10
96%
0⋅10 0
94%
10⋅0 0
94%
1⋅1 1
94%
10⋅1 10
94%
1⋅11 11
94%
11⋅10 110
94%
10⋅10 100
92%
11⋅1 11
92%
10⋅11 110
92%
1⋅1 1
90%
10⋅10 100
90%
11⋅11 1001
60%
11⋅11 1001
58%
Keine übereinstimmenden Quizze gefunden
Verteilung der Resultate
Anzahl Personen mit jedem Resultat
Perzentil nach korrekt beantworteten Fragen
Ihre Resultats-Entwicklung
Sie haben dieses Quiz noch nicht gespielt